LEADER 01231nam0-22002891i-450- 001 990000123170403321 035 $a000012317 035 $aFED01000012317 035 $a(Aleph)000012317FED01 035 $a000012317 100 $a20011111d--------km-y0itay50------ba 101 0 $aita 105 $ay-------001yy 200 1 $aTraité de stéréotomie comprenant les applications de la géométrie descriptive à la théorie des ombres, la perspectivelinéaire, la gnomonique, la coupe des pierres et la charpente, avec un atlas composé de 74 planches in folio$fpar C. F. A. Leroy. 210 $aParis$cBachelier$eCarilian-Goeury et Dalmont$d1844- 215 $av.$d40 cm 610 0 $aStereotomia 676 $a516.6 700 1$aLeroy,$bCharles François Antoine$f<1780-1854>$0343388 801 0$aIT$bUNINA$gRICA$2UNIMARC 901 $aBK 912 $a990000123170403321 952 $a13 AR 16 E 59$b7895$fFINBC 959 $aFINBC 996 $aTraité de stéréotomie comprenant les applications de la géométrie descriptive à la théorie des ombres, la perspectivelinéaire, la gnomonique, la coupe des pierres et la charpente, avec un atlas composé de 74 planches in folio$9114290 997 $aUNINA DB $aING01 LEADER 00968nam0-22003131i-450- 001 990000555850403321 005 20001010 035 $a000055585 035 $aFED01000055585 035 $a(Aleph)000055585FED01 035 $a000055585 100 $a20001010d--------km-y0itay50------ba 101 0 $aita 105 $ay-------001yy 200 1 $a1.st international conference on marine industry. Marind'96. Proccedings. Varna , 2-7 June , 1996$fPeter A. Bogdanov (ed) 210 $aVarna$cs.e.$e1996 215 $a2/2 v.$d29 cm$d386 p. 610 0 $aArchitettura navale 610 0 $aCostruzioni navali 676 $a623.8$a623.819 702 1$aBogdanov,$bPeter A. 801 0$aIT$bUNINA$gRICA$2UNIMARC 901 $aBK 912 $a990000555850403321 952 $a05 66 150$b$fDININ 959 $aDININ 996 $a1.st international conference on marine industry. Marind'96. Proccedings. Varna , 2-7 June , 1996$9320409 997 $aUNINA DB $aING01